000 00838cad a22001935a 4500
001 L152092
008 110201s2011 xxk f 000 0 eng d
035 _a(Sirsi) u152092
041 0 _aeng
110 2 _aFederation of Master Builders
_9465
245 0 0 _aCut the carbon campaign launched
_h[electronic resource]
260 _aLondon
_bFMB
_c2010
520 _aCut the Carbon campaign was launched to help SMEs prepare for construction industry-wide changes; small and medium sized construction businesses need to start taking advantage of the growing demand for low carbon construction.
590 _aKA NTK
651 4 _aUnited Kingdom
_y
690 _aBUILT ENVIRONMENT-SUSTAINABLE CONSTRUCTION
856 4 0 _uhttps://www.fmb.org.uk/news/news-advice/?entryid3=210141
_zView this item free of charge at www.fmb.org.uk
942 _n0
999 _c111848
_d111848